Social Security, Demographics, and Risk

Λεπτομέρειες βιβλιογραφικής εγγραφής
Κύριος συγγραφέας: Borgmann, Christoph (Συγγραφέας)
Συγγραφή απο Οργανισμό/Αρχή: SpringerLink (Online service)
Μορφή: Ηλεκτρονική πηγή Ηλ. βιβλίο
Γλώσσα:English
Έκδοση: Berlin, Heidelberg : Springer Berlin Heidelberg, 2005.
Σειρά:Population Economics,
Θέματα:
Διαθέσιμο Online:Full Text via HEAL-Link
LEADER 01936nam a22004695i 4500
001 978-3-540-26697-6
003 DE-He213
005 20151204191701.0
007 cr nn 008mamaa
008 100301s2005 gw | s |||| 0|eng d
020 |a 9783540266976  |9 978-3-540-26697-6 
024 7 |a 10.1007/b137963  |2 doi 
040 |d GrThAP 
050 4 |a HB848-3697 
072 7 |a KCP  |2 bicssc 
072 7 |a JHBD  |2 bicssc 
072 7 |a POL029000  |2 bisacsh 
082 0 4 |a 330  |2 23 
100 1 |a Borgmann, Christoph.  |e author. 
245 1 0 |a Social Security, Demographics, and Risk  |h [electronic resource] /  |c by Christoph Borgmann. 
264 1 |a Berlin, Heidelberg :  |b Springer Berlin Heidelberg,  |c 2005. 
300 |a XV, 178 p.  |b online resource. 
336 |a text  |b txt  |2 rdacontent 
337 |a computer  |b c  |2 rdamedia 
338 |a online resource  |b cr  |2 rdacarrier 
347 |a text file  |b PDF  |2 rda 
490 1 |a Population Economics,  |x 1431-6978 
505 0 |a Fundamental Results on Social Security in a Deterministic Economy -- Social Security and Demographic Transition -- Old-Age Provision and Uncertainty: An Introduction to Issues of Risk and Risk Sharing -- Labor Income Risk, Demographic Risk, and the Design of (Wage-Indexed) Social Security -- Demographics and Political Risks of Benefit Rule Changes: A Case Study for Germany -- Social Security, Portfolio Choice, and Financial Markets -- Conclusion. 
650 0 |a Public finance. 
650 0 |a Social policy. 
650 0 |a Population. 
650 1 4 |a Economics. 
650 2 4 |a Population Economics. 
650 2 4 |a Public Economics. 
650 2 4 |a Social Policy. 
710 2 |a SpringerLink (Online service) 
773 0 |t Springer eBooks 
776 0 8 |i Printed edition:  |z 9783540222682 
830 0 |a Population Economics,  |x 1431-6978 
856 4 0 |u http://dx.doi.org/10.1007/b137963  |z Full Text via HEAL-Link 
912 |a ZDB-2-SBE 
950 |a Business and Economics (Springer-11643)